Normal view
MARC view
- Marquand, John P
Entry Personal Name
001 - CONTROL NUMBER
- control field: 49923
003 - CONTROL NUMBER IDENTIFIER
- control field: NUST
005 - DATE AND TIME OF LATEST TRANSACTION
- control field: 20210314134459.0
008 - FIXED-LENGTH DATA ELEMENTS
- fixed length control field: 210314|| aca||aabn | a|a d
040 ## - CATALOGING SOURCE
- Original cataloging agency: NUST
- Transcribing agency: NUST
100 ## - HEADING--PERSONAL NAME
- Personal name: Marquand, John P
670 ## - SOURCE DATA FOUND
- Source citation: Work cat.: (NUST): Marquand, John P., The late George Apley,, 1937.
